| 000 | 00473nam a2200169Ia 4500 | ||
|---|---|---|---|
| 999 |
_c810 _d810 |
||
| 003 | OSt | ||
| 005 | 20200915103512.0 | ||
| 008 | 190216s9999||||xx |||||||||||||| ||und|| | ||
| 040 | _coclc | ||
| 082 |
_a492.7 _bAZM/E |
||
| 100 |
_aAzmi, Moinuddin _94580 |
||
| 245 | 0 |
_aEssential Arabic Syntax / _cMoinuddin Azmi |
|
| 260 |
_bAl Hudha Book Stall, _aCalicut: _c2006. |
||
| 300 | _a496p | ||
| 650 | _aArabic | ||
| 942 |
_cBK _2ddc _h492.7 _iAZM/E _k492.7 _mAZM/E |
||